Classical mechanics. (Record no. 161877)
[ view plain ]
| 000 -LEADER | |
|---|---|
| fixed length control field | 00594nam a2200229Ia 4500 |
| 003 - CONTROL NUMBER IDENTIFIER | |
| control field | OSt |
| 005 - DATE AND TIME OF LATEST TRANSACTION | |
| control field | 20250423144606.0 |
| 008 - FIXED-LENGTH DATA ELEMENTS--GENERAL INFORMATION | |
| fixed length control field | 210423s2011 xx 000 0 und d |
| 020 ## - INTERNATIONAL STANDARD BOOK NUMBER | |
| International Standard Book Number | 9780074603154 |
| 040 ## - CATALOGING SOURCE | |
| Transcribing agency | AL |
| 041 ## - LANGUAGE CODE | |
| Language code of text/sound track or separate title | eng |
| 082 ## - DEWEY DECIMAL CLASSIFICATION NUMBER | |
| Classification number | 531 |
| Edition number | 23 |
| Item number | RANC |
| 100 ## - MAIN ENTRY--PERSONAL NAME | |
| Personal name | Narayan Chandra Rana |
| 9 (RLIN) | 94512 |
| 245 ## - TITLE STATEMENT | |
| Title | Classical mechanics. |
| 260 ## - PUBLICATION, DISTRIBUTION, ETC. | |
| Place of publication, distribution, etc. | New Delhi |
| Name of publisher, distributor, etc. | Tata McGraw-hill |
| Date of publication, distribution, etc. | 2011 |
| 300 ## - PHYSICAL DESCRIPTION | |
| Extent | xx,607 |
| Other physical details | PB |
| 365 ## - TRADE PRICE | |
| Price amount | 425 |
| Currency code | INR |
| 650 ## - SUBJECT ADDED ENTRY--TOPICAL TERM | |
| Topical term or geographic name entry element | Classical Mechanics |
| 9 (RLIN) | 94513 |
| 700 ## - ADDED ENTRY--PERSONAL NAME | |
| Personal name | Joag, Pramod Sharadchandra |
| 9 (RLIN) | 208703 |
| 906 ## - LOCAL DATA ELEMENT F, LDF (RLIN) | |
| a | Classical ; mechanics. |
| 942 ## - ADDED ENTRY ELEMENTS (KOHA) | |
| Source of classification or shelving scheme | Dewey Decimal Classification |
| Koha item type | Book |
| Withdrawn status | Lost status | Source of classification or shelving scheme | Damaged status | Not for loan | Collection code | Home library | Current library | Date acquired | Source of acquisition | Cost, normal purchase price | Total Checkouts | Full call number | Barcode | Date last seen | Price effective from | Koha item type | Total Renewals | Date last checked out |
|---|---|---|---|---|---|---|---|---|---|---|---|---|---|---|---|---|---|---|
| Dewey Decimal Classification | Physics | St Aloysius PG Library | St Aloysius PG Library | 06/28/2012 | Athulya Books | 425.00 | 531 RANC | PG008370 | 04/26/2021 | 04/26/2021 | Book | |||||||
| Dewey Decimal Classification | Physics | St Aloysius PG Library | St Aloysius PG Library | 06/28/2012 | Athulya Books | 425.00 | 531 RANC | PG008371 | 04/26/2021 | 04/26/2021 | Book | |||||||
| Dewey Decimal Classification | Physics | St Aloysius PG Library | St Aloysius PG Library | 06/28/2012 | Athulya Books | 425.00 | 3 | 531 RANC | PG008372 | 10/24/2025 | 04/26/2021 | Book | 1 | 08/04/2025 |